Spanisch Vokabeln Unidad 5 / ¡Vamos! -> página 78 - Statistiken

Allgemein
  • Dieses Quiz wurde 79 mal gespielt
  • Das Durchschnittsergebnis liegt bei 10 aus 21
Antwortstatistiken
Deutsch Español % Korrekt
perfekt perfecto
96%
das Problem el problema
90%
das Fahrrad la bicicleta
76%
wenn, falls si
76%
die Kunst el arte
74%
berühmt famoso, famosa
68%
etw. / jdn. besuchen visitar algo / a alguien
68%
alternativ alternativo, alternativa
63%
das Stadion el estadio
63%
jdn (etw.) interessieren interesar (algo) a alguien
51%
die Tour el tour
47%
lecker (estar) rico, rica
41%
etw. / jdn. finden encontrar algo / a alguien
40%
wandern, gehen caminar
35%
der Rucksack la mochila
32%
mieten, vermieten alquilar
31%
vorsichtig sein tener cuidado
22%
die Stimmung el ambiente
19%
es lohnt sich vale la pena
18%
das Bild el cuadro
12%
Das ist total cool! ¡Es muy chulo!
10%
Keine übereinstimmenden Quizze gefunden
Verteilung der Resultate
Anzahl Personen mit jedem Resultat
Perzentil nach korrekt beantworteten Fragen
Ihre Resultats-Entwicklung
Sie haben dieses Quiz noch nicht gespielt